|
|
|
|
| LEADER |
00920pam a22002898a 4500 |
| 001 |
00033411 |
| 005 |
20171026081025.0 |
| 008 |
150827s2013 ||||||Viesd |
| 020 |
|
|
|c 22000
|
| 041 |
0 |
# |
|a Vie
|
| 082 |
1 |
4 |
|a 794.1
|b L504TH
|
| 110 |
1 |
# |
|b Tổng cục thể dục thể thao
|a Bộ Văn hóa, Thể thao và Du lịch
|
| 245 |
1 |
0 |
|a Luật thi đấu cờ vua
|
| 260 |
# |
# |
|a Hà Nội
|b Thể dục thể thao
|c 2013
|
| 300 |
# |
# |
|a 107 tr.
|c 19 cm.
|
| 650 |
# |
4 |
|a Cờ vua
|
| 650 |
# |
4 |
|a Luật
|
| 653 |
# |
# |
|a Thi đấu
|
| 653 |
# |
# |
|a Việt Nam
|
| 852 |
# |
# |
|b Kho giáo trình
|j KGT.0049495, KGT.0049496
|
| 852 |
# |
# |
|b Kho mượn
|j KGT.0049495
|
| 852 |
# |
# |
|b Kho đọc
|j KD.0016791
|
| 852 |
# |
# |
|j KD.0016791
|j KGT.0049495
|j KGT.0049496
|
| 910 |
0 |
# |
|d 27/8
|a kchi
|
| 980 |
# |
# |
|a Trung tâm Học liệu Lê Vũ Hùng, Trường Đại học Đồng Tháp
|